El banquero anarquista y otros cuentos de raciocinio / (Record no. 176442)
[ view plain ]
| 000 -LEADER | |
|---|---|
| campo de control de longitud fija | 00729nam a22002175i 4500 |
| 001 - NÚMERO DE CONTROL | |
| campo de control | 176442 |
| 003 - IDENTIFICADOR DE NÚMERO DE CONTROL | |
| campo de control | ES-MaACL |
| 005 - FECHA Y HORA DE LA ÚLTIMA TRANSACCIÓN | |
| campo de control | 20250804062549.0 |
| 008 - DATOS DE LONGITUD FIJA--INFORMACIÓN GENERAL | |
| campo de control de longitud fija | 110117s1986 sp |||| | spa d |
| 020 ## - NÚMERO INTERNACIONAL ESTÁNDAR DEL LIBRO | |
| Número Internacional Estándar del Libro | 84-206-0158-6 |
| 080 ## - NÚMERO DE LA CLASIFICACIÓN DECIMAL UNIVERSAL | |
| Número de la Clasificación Decimal Universal | 821.134.3-34"19" |
| 100 1# - ENTRADA PRINCIPAL--NOMBRE DE PERSONA | |
| Nombre de persona | Pessoa, Fernando, |
| Fechas asociadas al nombre | 1888-1935 |
| 9 (RLIN) | 91451 |
| 245 13 - MENCIÓN DEL TÍTULO | |
| Título | El banquero anarquista y otros cuentos de raciocinio / |
| Mención de responsabilidad, etc. | Fernando Pessoa ; [traductor: Miguel Ángel Viqueira]. |
| 260 ## - PUBLICACIÓN, DISTRIBUCIÓN, ETC. | |
| Lugar de publicación, distribución, etc. | Madrid : |
| Nombre del editor, distribuidor, etc. | Alianza, |
| Fecha de publicación, distribución, etc. | D. L. 1986. |
| 300 ## - DESCRIPCIÓN FÍSICA | |
| Extensión | 149 p. ; |
| Dimensiones | 18 cm. |
| 490 1# - MENCIÓN DE SERIE | |
| Mención de serie | El libro de bolsillo ; |
| Designación de volumen o secuencia | 1158 |
| 700 0# - ENTRADA AGREGADA--NOMBRE PERSONAL | |
| Nombre de persona | Viqueira, Miguel Ángel. |
| 9 (RLIN) | 144775 |
| 830 03 - PUNTO DE ACCESO ADICIONAL DE SERIE-TÍTULO UNIFORME | |
| Título uniforme | El libro de bolsillo |
| Designación de volumen o secuencia | 1158 |
| 9 (RLIN) | 177802 |
| 852 ## - LOCALIZACIÓN | |
| Ubicación | ES-MaACL |
| Número de control de estantería | E-14069 |
| Estatus retirado | Estado de pérdida | Estado de daño | No para préstamo | Biblioteca de origen | Biblioteca actual | Ubicación en estantería | Fecha de adquisición | Fuente de adquisición | Total de préstamos | Signatura topográfica completa | Código de barras | Visto por última vez | Precio de reemplazo | Tipo de ítem Koha |
|---|---|---|---|---|---|---|---|---|---|---|---|---|---|---|
| Biblioteca del Ateneo de Madrid | Biblioteca del Ateneo de Madrid | Depósito 2 | 17/01/2011 | E-14069 | 1185301 | 23/02/2023 | 23/02/2023 | Libro impreso |
